The adventures of Dunsterforce (Record no. 552095)
[ view plain ]
| 000 -LEADER | |
|---|---|
| fixed length control field | 00689cam a2200169K 4500 |
| 082 04 - DEWEY DECIMAL CLASSIFICATION NUMBER | |
| Classification number | 355.009242 |
| Author Mark | DUN |
| 100 1# - MAIN ENTRY--PERSONAL NAME | |
| Personal name | Dunsterville, L. C. |
| 9 (RLIN) | 49313 |
| 245 14 - TITLE STATEMENT | |
| Title | The adventures of Dunsterforce |
| Statement of responsibility, etc. | by Major-General L.C. Dunsterville. |
| 260 ## - PUBLICATION, DISTRIBUTION, ETC. | |
| Place of publication, distribution, etc. | London, |
| Name of publisher, distributor, etc. | E. Arnold, |
| Date of publication, distribution, etc. | 1920. |
| 300 ## - PHYSICAL DESCRIPTION | |
| Extent | 1 online resource (xi, 323 p.) |
| Other physical details | front., plates, ports., 2 fold. maps. |
| 500 ## - GENERAL NOTE | |
| General note | Map on lining-paper. |
| 526 ## - STUDY PROGRAM INFORMATION NOTE | |
| Program name | 0 |
| Interest level | 0 |
| Reading level | 0 |
| Title point value | 355_009242000000000_DUN |
| 650 #0 - SUBJECT ADDED ENTRY--TOPICAL TERM | |
| Topical term or geographic name entry element | World War, 1914-1918 |
| General subdivision | Campaigns |
| Geographic subdivision | Turkey and the Near East. |
| 9 (RLIN) | 49314 |
| 856 40 - ELECTRONIC LOCATION AND ACCESS | |
| Uniform Resource Identifier | <a href="http://catalog.hathitrust.org/api/volumes/oclc/317431.html">http://catalog.hathitrust.org/api/volumes/oclc/317431.html</a> |
| 856 40 - ELECTRONIC LOCATION AND ACCESS | |
| Uniform Resource Identifier | <a href="http://catalog.hathitrust.org/api/volumes/oclc/59827545.html">http://catalog.hathitrust.org/api/volumes/oclc/59827545.html</a> |
| 942 ## - ADDED ENTRY ELEMENTS (KOHA) | |
| Source of classification or shelving scheme | |
| Koha item type | Book |
| Withdrawn status | Lost status | Source of classification or shelving scheme | Damaged status | Not for loan | Permanent Location | Current Location | Shelving location | Date acquired | Total Checkouts | Full call number | Barcode | Date last seen | Price effective from | Koha item type |
|---|---|---|---|---|---|---|---|---|---|---|---|---|---|---|
| Military College of Engineering (MCE) | Military College of Engineering (MCE) | 01/07/2015 | 355.009242 DUN | MCE-ECA/51 | 01/07/2015 | 01/07/2015 | Book |
